Matematika 5 pre 5. ročník základnej školy

Bibliographic Details
Main Authors: Čeretková, Soňa, 1960- (Author), Šedivý, Ondrej, 1935-2024 (Author), Teplička, Ivan (matematik) (Author)
Other Authors: Žitňanová, Tatiana, 1956- (Illustrator)
Format: Book
Language:Slovak
PhysicalDescription:160 strán ilustrácie 30 cm
Published: Bratislava Slovenské pedagogické nakladateľstvo 2020
ISBN:9788010038893
Edition:Druhé vydanie
Subjects:

MARC

LEADER 00000cam a2200000 4500
001 vtls012055799
003 SK-MaSNL
005 20260515034553.0
008 210526s2020 xo a crp 000 0 slo
015 |a SNBA2021/07 
020 |a 9788010038893  |q (brožované) 
040 |a SNK  |b slo  |c SNK  |e rda 
041 0 |a slo 
044 |a xo  |c SK 
072 7 |a 51  |x Matematika  |2 konspekt 
072 7 |a 37.016  |x Učebné osnovy. Vyučovacie predmety. Učebnice  |2 konspekt 
080 |a 51  |2 2011 
080 |a (075.2)  |2 2011 
100 1 |a Čeretková, Soňa,  |d 1960-  |4 aut  |9 247825 
245 1 0 |a Matematika 5  |b pre 5. ročník základnej školy  |c Soňa Čeretková, Ondrej Šedivý, Ivan Teplička 
250 |a Druhé vydanie 
264 1 |a Bratislava  |b Slovenské pedagogické nakladateľstvo  |c 2020 
300 |a 160 strán  |b ilustrácie  |c 30 cm 
336 |a text  |b txt  |2 rdacontent 
337 |a bez média  |b n  |2 rdamedia 
338 |a zväzok  |b nc  |2 rdacarrier 
650 0 7 |a matematika  |2 SNKPH  |9 70174 
650 0 7 |a Mathematics  |2 SNKPHeng  |9 265620 
655 7 |a učebnice základných škôl  |2 SNKPH  |9 70187 
655 7 |a Textbooks (elementary)  |2 SNKPHeng  |9 276977 
700 1 |a Šedivý, Ondrej,  |d 1935-2024  |4 aut  |9 215415 
700 1 |a Teplička, Ivan  |c (matematik)  |4 aut  |9 64967 
700 1 |a Žitňanová, Tatiana,  |d 1956-  |4 ill  |9 86022 
710 2 |a Slovenské pedagogické nakladateľstvo - Mladé letá  |4 pbl  |9 211357 
919 |a 978-80-10-03889-3 
999 |c 989176  |d 991106 
952 |a SNK  |b SNK  |y PREZ  |7 0  |p 17A1453707  |o snkSB 96685  |i snk2021/5756  |8 0  |0 0  |1 0  |4 0  |d 2021-05-26  |f 1  |l 0  |r 2025-05-19 00:00:00  |w 2026-02-24 
952 |a SNK  |b SNK  |y VYP  |7 0  |p 17A1453708  |o snkSB 96685 D1  |i snk2021/5757  |8 0  |0 0  |1 0  |4 0  |d 2021-05-26  |l 0  |r 2026-02-24 11:44:00  |w 2026-02-24